Moscow mission 1946-1949 (Record no. 551943)
[ view plain ]
| 000 -LEADER | |
|---|---|
| fixed length control field | 00386nam a22001337a 4500 |
| 082 ## - DEWEY DECIMAL CLASSIFICATION NUMBER | |
| Classification number | 947.0842 |
| Author Mark | SMI |
| -- | L-30, P-91 |
| 100 ## - MAIN ENTRY--PERSONAL NAME | |
| Personal name | Smith, Walter Bedell |
| 9 (RLIN) | 49112 |
| 245 ## - TITLE STATEMENT | |
| Title | Moscow mission 1946-1949 |
| Statement of responsibility, etc. | Smith, Walter Bedell |
| 260 ## - PUBLICATION, DISTRIBUTION, ETC. | |
| Place of publication, distribution, etc. | Melbourne |
| Name of publisher, distributor, etc. | William heinemann limited |
| Date of publication, distribution, etc. | 1950 |
| 300 ## - PHYSICAL DESCRIPTION | |
| Extent | 337.p: |
| 526 ## - STUDY PROGRAM INFORMATION NOTE | |
| Program name | 0 |
| Interest level | 0 |
| Reading level | 0 |
| Title point value | 947_084200000000000_SMI |
| 650 ## - SUBJECT ADDED ENTRY--TOPICAL TERM | |
| Topical term or geographic name entry element | MCE |
| 9 (RLIN) | 379 |
| 942 ## - ADDED ENTRY ELEMENTS (KOHA) | |
| Source of classification or shelving scheme | |
| Koha item type | Book |
| Withdrawn status | Lost status | Source of classification or shelving scheme | Damaged status | Not for loan | Permanent Location | Current Location | Date acquired | Total Checkouts | Full call number | Barcode | Date last seen | Price effective from | Koha item type |
|---|---|---|---|---|---|---|---|---|---|---|---|---|---|
| Military College of Engineering (MCE) | Military College of Engineering (MCE) | 01/01/2015 | 947.0842 SMI | MCE-40151 | 01/01/2015 | 01/01/2015 | Book |
